| 000 | 01653cam a2200313 4500 | ||
|---|---|---|---|
| 001 | J2074 | ||
| 008 | 090401t1993 xxu||||| |||| 00| 0 eng d | ||
| 035 | _a(Sirsi) u47001 | ||
| 041 | _aeng | ||
| 050 | _a333.332091 | ||
| 110 |
_aEuropean Group of Valuers of Fixed Assets _9338 |
||
| 245 | _aInternational Conference on the Valuation of Real Estate, Prague, 22-24 September 1993: (papers). | ||
| 260 |
_bTEGOVOFA _c1993 |
||
| 300 | _a12 papers ; 30cm. | ||
| 350 | _a0 | ||
| 520 | _aPapers:- European and international assets valuation standards/ BEAMAN, M. - Problem matter of property valuation in circumstances of changeover from a socialist economy to free market economy in Poland/ KALUS, A. - Introduction to valuation of development and investment/ DE GRAEVE, J. - Special properties normally valued in relation to depreciated replacement cost/ THORNE, C. - Association of Romanian Valuers (ANEVAR)/ BADESCU, G. - (Valuation in Albania)/ ALLEN, D.A. - The role of property in a free market economy/ ELLERMAN, D.P. - The Czech Chamber of Appraisers/ RYSKA, J. - Valuation of properties normally valued in relation to trading profits/ MALAQUIN, P. - (Synopsis of talk)/ TALHAR, M. - (Privatization in the Czech Republic and valuation of property assets)/ JANE, A. - The valuation of residential property/ AMSELLE, J-C. | ||
| 650 | _aALBANIA | ||
| 650 | _aASSET VALUATION | ||
| 650 | _aCZECH REPUBLIC | ||
| 650 | _aFRANCE | ||
| 650 | _aPOLAND | ||
| 650 | _aPROPERTY DEVELOPMENT | ||
| 650 | _aPROPERTY INVESTMENT | ||
| 650 | _aROMANIA | ||
| 650 | _aTEGOVOFA | ||
| 690 | _aOVERSEAS-EUROPE | ||
| 942 | _n0 | ||
| 948 | _c04/03/1997 | ||
| 999 |
_c92063 _d92063 |
||